Instrumentaľja sistema programmirovanija ES EVM : (PRIZ /

Saved in:
Bibliographic Details
Main Authors: Kachro, M.I (Author), Kiľja, A.P (Author), Tyugu, Je.Ch (Author)
Format: Book
Language:Russian
Published: Moskva : Finansy i statistika, 1988
Edition:2.izd.
Tags: Add Tag
No Tags, Be the first to tag this record!

MARC

LEADER 00000nam a22000003a 4500
001 stu3003
005 20201005131813.7
008 930128s1988----xxr-----------------rus-d
040 |a STU  |b slo 
041 0 |a rus 
044 |a xxr 
080 |a 681.32.06 
080 |a 519.685  |7 stu_us_auth*stu8263 
100 1 |a Kachro, M.I  |4 aut 
245 1 |a Instrumentaľja sistema programmirovanija ES EVM :  |b (PRIZ /  |c [aut.] Kachro,M.I.; Kiľja,A.P.; Tyugu,Je.Ch 
250 |a 2.izd. 
260 |a Moskva :  |b Finansy i statistika,  |c 1988 
300 |a 175 s 
700 1 |a Kiľja, A.P  |4 aut 
700 1 |a Tyugu, Je.Ch  |4 aut 
996 |b E67426  |c I*67426  |l II680  |s A  |a 24  |w stu3003_0001